| 000 | 00454nab a2200145Ia 4500 | ||
|---|---|---|---|
| 003 | ES-SlBCS | ||
| 005 | 20210601134617.0 | ||
| 008 | 140529s1996 xxu||||| |||| 00| 0 spa d | ||
| 041 | _aspa | ||
| 100 | 1 |
_aBonetti, José Andrés _960296 |
|
| 245 | 0 | 0 |
_aMichel Foucault, pensador de la historia _c José Andrés Bonetti |
| 600 | 1 | 4 |
_aFoucault, Michel _d, 1926-1984 _97251 |
| 773 | 0 |
_tAnthropos _gvol. 17, nº. 32-33, 1996, págs. 113-130 _wRev38 |
|
| 942 | _cAR | ||
| 999 |
_c615249 _d615249 |
||